Odpowiedź zaczyna się na "C" - Statystyki

Ogólne statystyki
  • Ten quiz został rozwiązany 22 179 razy
    21 351 od ostatniego zresetowania
  • Średni wynik to 14 z 24
Statystyki odpowiedzi
Pytanie Odpowiedź % Poprawnych
Jaką nawę nosi moneta, której wartość to 1/100 USD (Dolar Amerykański)? Cent
92%
Jaką nazwę nosi najbardziej znany napój gazowany (posiada własne muzeum w Atlancie)? Coca-Cola
88%
Które państwo azjatyckie często określa się mianem "Państwa Środka"? Chiny
82%
Jaką nazwę nosi jednostka miary mierząca 2,54 centymentra? Cal
81%
Jaką nazwę nosi wyspiarski kraj będący członkiem Unii Europejskiej? Cypr
81%
Jaką nazwę nosi potoczna nazwa tlenku węglu? Czad
81%
Jak nazywało się państwo z którym (między innymi) w latach PRL graniczyła Polska? Czechosłowacja
81%
Stolica, którego europejskiego kraju nosi taką samą nazwę jak jedna z dzielnic Warszawy? Czechy
79%
Który z ssaków jest najinteligentniejszy? Człowiek
77%
Jak określa się ułożone rurkowato, spreparowane i sklejone zwinięte liście tytoniu, używane do palenia, popularne między innymi na Kubie? Cygaro
73%
Stolicą, którego państwa jest miasto Santiago? Chile
70%
Jaką nazwę nosi stolica Australii? Canberra
69%
Które amerykańskie miasto często potocznie nazywane jest "Wietrznym Miastem" (Windy City)? Chicago
68%
Jaki ustrój polityczny panował w starożytnym Rzymie za czasów rządów Oktawiana Augusta? Cesarstwo
53%
Jak potocznie określa się mimowolne skurcze przepony? Czkawka
51%
Jaką nazwę nosi miasto, pod którym w 972 roku doszło do bitwy między wojskami Mieszka I a wojskiem margrabiego Marchii Łużyckiej? Cedynia
50%
Jak potocznie określało się osobę, która za czasów PRL prowadziła nielegalny obrót walutami? Cinkciarze
48%
Jaką nazwę nosi sprzęt używany w alpinizmie, wspinaczce lodowej oraz zimowej turystyce górskiej, mający postać laski zakończonej głowicą? Czekan
47%
Jak ma na nazwisko aktor, który obecnie odgrywa rolę Agenta 007? Craig
41%
Jak ma na imię mitologiczny przewoźnik przez rzękę Styks? Charon
36%
Jaką nazwę nosił naddźwiękowy pasażerski samolot o napędzie turboodrzutowym, wyprowadzony z użycia w 2003 roku? Concorde
29%
Rozwiń skrót CIA (po polsku lub po angielsku). Centralna Agencja Wywiadowcza
28%
Jaką nazwę nosi amerykański koncern motoryzacyjny, którego w logo znajduje się pięcioramienna gwiazda? Chrysler
23%
Jaką nazwę nosił komputer osobisty będący następcą Vic-20? Commodore 64
19%
Nie znaleziono quizów pasujących do podanych kryteriów
Rozkład punktacji
Procent ludzi z każdym wynikiem
Percentyl według liczby udzielonych odpowiedzi
Twoja historia wyników
Nie rozwiązałeś tego quizu od ostatniego zresetowania